000 00294nam a2200121Ia 4500
008 240624s9999 xx 000 0 und d
041 _aeng
082 _a823 MUR
100 _aMURAD NADIA
245 _aLAST GIRL MY STORY OF CAPTIVITY AND MY F
260 _c2017
_aLondon
_bVirago
365 _cRS
999 _c31423
_d31423